Applied ethics and social problems/ (Record no. 2651)

000 -LEADER
fixed length control field 00393nam a22001571a 4500
020 ## - INTERNATIONAL STANDARD BOOK NUMBER
ISBN 9781861348593
082 ## - DEWEY DECIMAL CLASSIFICATION NUMBER
Classification number 170
Item number TON/A
100 ## - MAIN ENTRY--AUTHOR NAME
Personal name Tony Fitzpatrick
245 ## - TITLE STATEMENT
Title Applied ethics and social problems/
Statement of responsibility, etc by Tony Fitzpatrick
260 ## - PUBLICATION, DISTRIBUTION, ETC. (IMPRINT)
Place of publication Bristol:
Name of publisher Policy Press,
Year of publication 2008.
300 ## - PHYSICAL DESCRIPTION
Number of Pages 273p.
650 ## - SUBJECT ADDED ENTRY--TOPICAL TERM
Topical Term Psychology
650 ## - SUBJECT ADDED ENTRY--TOPICAL TERM
Topical Term Ethics Social Problems
650 ## - SUBJECT ADDED ENTRY--TOPICAL TERM
Topical Term Ethics
942 ## - ADDED ENTRY ELEMENTS (KOHA)
Koha item type Book
Holdings
Withdrawn status Lost status Damaged status Not for loan Permanent Location Current Location Date acquired Cost, normal purchase price Full call number Accession Number Cost, replacement price Price effective from Koha item type
        Sree Sankaracharya University of Sanskrit Sree Sankaracharya University of Sanskrit 08.01.2015 2082.33 170 TON/A 062655 0.00 08.01.2015 Book